Welcome to the Holygrace Academy Library

Please use search bar below to get started

THE MAYOR OF CASTERBRIDGE (Record no. 7282)

MARC details
000 -LEADER
fixed length control field 00265nam a22001217a 4500
082 ## - DEWEY DECIMAL CLASSIFICATION NUMBER
Classification number 823
Item number THO/M
100 ## - MAIN ENTRY--AUTHOR NAME
Personal name HARDY, THOMAS
245 ## - TITLE STATEMENT
Title THE MAYOR OF CASTERBRIDGE
260 ## - PUBLICATION, DISTRIBUTION, ETC. (IMPRINT)
Place of publication MADRAS
Name of publisher OXFORD
Year of publication 1982
300 ## - PHYSICAL DESCRIPTION
Number of Pages 367
650 ## - SUBJECT ADDED ENTRY--TOPICAL TERM
Topical Term ENGLISH STORY
Geographic subdivision INDIA
942 ## - ADDED ENTRY ELEMENTS (KOHA)
Koha item type Books
Holdings
Withdrawn status Lost status Collection code Home library Current library Date acquired Source of acquisition Cost, normal purchase price Full call number Accession Number Koha item type
Withdrawn Damaged Item Fiction Main Library Main Library 14/05/2004 purchase 100.00 823 THO/M 00196 Books